000 00576nam a22001937a 4500
999 _c3711
_d3711
003 AR-CdUCM
008 190307b ||||| |||| 00| 0 spa d
040 _aMUNICIPALIDAD PROVINCIAL DEL CUSCO
_cBIBLIOTECA MUNICIPAL DEL CUSCO
082 _a869.57 /
_bH39
100 _aHenderson, Carlos
_912027
245 _aDel que dijo no en el Inicio /
260 _aPerú :
_bMosca Azul ,
_c1988.
300 _a52 páginas ;
_c20.5 cm.
650 _aPoesia Peruana
_9280
650 _aIrrealismo
_912028
650 _aPoesia Latinoamericana
_92147
942 _2ddc
_cLIBROS
945 _artm